Correspondencia consular inglesa sobre la anexión de Santo Domingo a España / (Registro nro. 14018)

Detalles MARC
000 -LEADER
fixed length control field 01565nam a2200349 a 4500
001 - CONTROL NUMBER
control field
003 - CONTROL NUMBER IDENTIFIER
control field DO-SdBNP
005 - DATE AND TIME OF LATEST TRANSACTION
control field 20220208095144.0
008 - FIXED-LENGTH DATA ELEMENTS--GENERAL INFORMATION
fixed length control field 130422s2012 dr 000 0 spa d
020 ## - INTERNATIONAL STANDARD BOOK NUMBER
International Standard Book Number 9789945074697
040 ## - CATALOGING SOURCE
Original cataloging agency DO-SdBNP
Language of cataloging spa
Transcribing agency BPMSU
082 ## - DEWEY DECIMAL CLASSIFICATION NUMBER
Classification number 327.4207293
Item number M375c 2012
Edition number 22
100 1# - MAIN ENTRY--PERSONAL NAME
Personal name Marte, Roberto
245 10 - TITLE STATEMENT
Title Correspondencia consular inglesa sobre la anexión de Santo Domingo a España /
Statement of responsibility, etc. Roberto Marte.
260 ## - PUBLICATION, DISTRIBUTION, ETC. (IMPRINT)
Place of publication, distribution, etc. Santo Domingo :
Name of publisher, distributor, etc. Archivo General de la Nación,
Date of publication, distribution, etc. 2012.
300 ## - PHYSICAL DESCRIPTION
Extent 348 p. ;
Dimensions 25 cm.
490 0# - SERIES STATEMENT
Series statement Archivo General de la Nación ;
Volume/sequential designation 176
500 ## - GENERAL NOTE
General note Incluye índice
504 ## - BIBLIOGRAPHY, ETC. NOTE
Bibliography, etc Incluye referencias bibliográficas y notas al pie de páginas.
505 0# - FORMATTED CONTENTS NOTE
Miscellaneous information Introducción --
Title Correspondencia del Consulado inglés en Santo Domingo 1861-1864 --
-- Papeles relativos a la anexión de la parte este de Santo Domingo a España presentados a la Cámaras de los Comunes por orden de su Majestad --
Miscellaneous information Incluye índice onomástico.
590 ## - LOCAL NOTE (RLIN)
Local note Inventariado, 2022/VM
650 ## - SUBJECT ADDED ENTRY--TOPICAL TERM
Topical term or geographic name as entry element
651 #4 - SUBJECT ADDED ENTRY--GEOGRAPHIC NAME
Geographic name República Dominicana
General subdivision Historia diplomática
Form subdivision Fuentes .
651 #4 - SUBJECT ADDED ENTRY--GEOGRAPHIC NAME
Geographic name República Dominicana
General subdivision Relaciones exteriores.
651 #4 - SUBJECT ADDED ENTRY--GEOGRAPHIC NAME
Geographic name España
General subdivision Relaciones exteriores.
651 #4 - SUBJECT ADDED ENTRY--GEOGRAPHIC NAME
Geographic name República Dominicana
General subdivision Servicio diplomático y consular
-- Historia
651 #4 - SUBJECT ADDED ENTRY--GEOGRAPHIC NAME
Geographic name Inglaterra
General subdivision Servicio diplomático y consular
-- Historia
651 #4 - SUBJECT ADDED ENTRY--GEOGRAPHIC NAME
Geographic name República Dominicana
General subdivision Historia
Chronological subdivision Anexión a España, 1861-1865
710 2# - ADDED ENTRY--CORPORATE NAME
Corporate name or jurisdiction name as entry element Archivo General de la Nación (República Dominicana)
910 ## - USER-OPTION DATA (OCLC)
User-option data VMateoV.
942 ## - ADDED ENTRY ELEMENTS (KOHA)
Source of classification or shelving scheme Dewey Decimal Classification
Koha item type Libros
Existencias
Withdrawn status Lost status Source of classification or shelving scheme Damaged status Not for loan Collection code Home library Current library Date acquired Source of acquisition Total Checkouts Full call number Barcode Date last seen Price effective from Koha item type
    Dewey Decimal Classification     Colección Dominicana Biblioteca Pública Metropolitana Salomé Ureña Biblioteca Pública Metropolitana Salomé Ureña 02/08/2022 AGN   BPMSU CD 327.4207293 M375c 2012 BPMSU22020034 02/08/2022 02/08/2022 Libros